| 000 | 00491nam a2200181Ia 4500 | ||
|---|---|---|---|
| 008 | 240925s9999 xx 000 0 und d | ||
| 020 | _a9780340888087 | ||
| 082 | _a915.4 PET | ||
| 100 | _aPage, Philip | ||
| 245 | 0 | _aShakespear Graphics Much Ado About Nothing | |
| 250 | _aNA | ||
| 260 |
_aLondon: _bHodder Murray _c,2005. |
||
| 300 |
_a647p. _b0 _fOriginal |
||
| 500 | _aIncludes Biblography | ||
| 600 | _aHumanities & Natural Science | ||
| 650 | _aGeography and travel | ||
| 942 | _cBK | ||
| 999 |
_c12642 _d12642 |
||